MDQL
is popping MORE tags! Check the
thread
!
Quizzes
Events
Quiz Creation
Community
Videos
Private Events
Remove Ads
Sign In
Join for FREE
Feedback
Dark Mode
Quiz Categories
Sports
Geography
Music
Movies
Television
Just For Fun
Miscellaneous
History
Literature
Language
Science
Gaming
Entertainment
Religion
Holiday
For Kids
Quiz Lab
Recent
Popular Today
Quiz Kudos Today
Editor Picks
Curator Picks
Quizzes by...
Day
Popularity
Type
Ratings
Length
Year
Community
Subscriptions
Recent Discussions
Orange Saloon
Badges
Playlists
Quests
Create
Leaderboards
Showdown
Live 5
Trivia Bingo
Activity
Puzzle Library
Sporcle Events
Private Events
Virtual Trivia
Globe League
Become a Host
Pub Owners
SporcleCon
Opinionation
Our Games
Videos
Blog
Mobile Apps
Partnerships
Remove Ads and Go Orange
Feedback
Sports
Athletes
MLB
NBA
NHL
NFL
Soccer
Sports Teams
WWE
NCAA
Football
Premier League
Basketball
Baseball
Hockey
Golf
Tennis
Cricket
Rugby
Auto Racing
Olympics
World Cup
Sports
Athletes
MLB
NBA
NHL
NFL
Soccer
Sports Teams
WWE
NCAA
Football
Premier League
Basketball
Baseball
Hockey
Golf
Tennis
Cricket
Rugby
Auto Racing
Olympics
World Cup
Random Quiz
Search Sporcle
×
Quiz Lab
Quiz Lab
Sports
Soccer
Type in answers that appear in a list
Type in answers that appear in a list
Classic
Best Score? Go Orange.
Championship 2014-15 all Goal Scorers Part 2 Stats
Can you name the Championship 2014-15 all Goal Scorers Part 2?
By
Dan1996
20m
183 Questions
75 Plays
75 Plays
75 Plays
Comments
Comments
Give Quiz Kudos
Give Quiz Kudos
-
- Ratings
hide this ad
Replay
Link that replays current quiz
Next Quiz
Link to next quiz in quiz playlist
You Got
0%
They Got
Avg Score
26%
Avg Friend Score
Upgrade to see
Score Distribution
Jump to the score distribution portion of the page
Score
0/183
Timer
20:00
0
Plays Today
Club
Player
% Correct
Ipswich
Daryl Murphy
72%
Watford
Troy Deeney
72%
Leeds
Luke Murphy
68%
Norwich
Josh Murphy
66.7%
Ipswich
Tommy Smith
64%
Norwich
Bradley Johnson
64%
Middlesbrough
Patrick Bamford
61.3%
Norwich
Cameron Jerome
58.7%
Watford
Odion Ighalo
57.3%
Norwich
Nathan Redmond
56%
Ipswich
David McGoldrick
50.7%
Norwich
Russell Martin
50.7%
Millwall
Lee Martin
49.3%
Nottingham Forest
Britt Assombalonga
49.3%
Ipswich
Freddie Sears
46.7%
Leeds
Charlie Taylor
46.7%
Middlesbrough
Grant Leadbitter
46.7%
Middlesbrough
George Friend
46.7%
Middlesbrough
Kike
46.7%
Norwich
Gary Hooper
46.7%
Norwich
Lewis Grabban
46.7%
Wigan
Ben Watson
46.7%
Wolverhampton Wanderers
Benik Afobe
46.7%
Nottingham Forest
Michail Antonio
45.3%
Reading
Jake Taylor
45.3%
Wigan
Andrew Taylor
45.3%
Ipswich
Noel Hunt
44%
Middlesbrough
Daniel Ayala
44%
Watford
Craig Cathcart
44%
Millwall
Lee Gregory
42.7%
Norwich
Jonny Howson
42.7%
Watford
Matěj Vydra
42.7%
Middlesbrough
Albert Adomah
41.3%
Ipswich
Christophe Berra
40%
Leeds
Rudy Austin
40%
Norwich
Alexander Tettey
40%
Sheffield Wednesday
Atdhe Nuhiu
40%
Wolverhampton Wanderers
Nouha Dicko
40%
Leeds
Mirco Antenucci
38.7%
Norwich
Wes Hoolahan
38.7%
Leeds
Alex Mowatt
37.3%
Millwall
Shaun Williams
37.3%
Reading
Danny Williams
37.3%
Wigan
Callum McManaman
37.3%
Wolverhampton Wanderers
Bakary Sako
37.3%
Ipswich
Kévin Bru
36%
Nottingham Forest
Henri Lansbury
36%
Reading
Jake Cooper
36%
Ipswich
Jonathan Williams
34.7%
Leeds
Liam Cooper
34.7%
Norwich
Steven Whittaker
34.7%
Reading
Sean Morrison
34.7%
Reading
Glenn Murray
34.7%
Ipswich
Cole Skuse
33.3%
Ipswich
Jay Tabb
33.3%
Watford
Almen Abdi
33.3%
Wolverhampton Wanderers
David Edwards
33.3%
Middlesbrough
Lee Tomlin
32%
Reading
Simon Cox
32%
Sheffield Wednesday
Kieran Lee
32%
Watford
Fernando Forestieri
32%
Club
Player
% Correct
Wigan
James McClean
32%
Wigan
Leon Clarke
32%
Wolverhampton Wanderers
Leon Clarke
32%
Leeds
Sam Byram
30.7%
Leeds
Steve Morison
30.7%
Millwall
Scott Malone
30.7%
Ipswich
Tyrone Mings
29.3%
Ipswich
Luke Chambers
29.3%
Leeds
Souleymane Doukara
29.3%
Middlesbrough
Adam Reach
29.3%
Millwall
Scott McDonald
29.3%
Reading
Garath McCleary
29.3%
Rotherham
Danny Ward
29.3%
Wigan
Jason Pearce
29.3%
Middlesbrough
Jelle Vossen
28%
Ipswich
Teddy Bishop
26.7%
Norwich
Martin Olsson
26.7%
Sheffield Wednesday
Lewis McGugan
26.7%
Sheffield Wednesday
Stevie May
26.7%
Wigan
Martyn Waghorn
26.7%
Reading
Pavel Pogrebnyak
25.3%
Watford
Joel Ekstrand
25.3%
Wigan
Shaun Maloney
25.3%
Wolverhampton Wanderers
James Henry
25.3%
Leeds
Kalvin Phillips
24%
Leeds
Billy Sharp
24%
Norwich
Michael Turner
24%
Reading
Jem Karacan
24%
Rotherham
Paul Green
24%
Rotherham
Luciano Becchio
24%
Ipswich
Luke Hyam
22.7%
Ipswich
Paul Anderson
22.7%
Leeds
Sol Bamba
22.7%
Middlesbrough
Jonathan Woodgate
22.7%
Nottingham Forest
Chris Burke
22.7%
Nottingham Forest
Matty Fryatt
22.7%
Reading
Hal Robson-Kanu
22.7%
Rotherham
Matt Derbyshire
22.7%
Nottingham Forest
Gary Gardner
21.3%
Nottingham Forest
Dexter Blackstock
21.3%
Reading
Nick Blackman
21.3%
Watford
Gabriele Angella
21.3%
Wigan
James Perch
21.3%
Wigan
Marc-Antoine Fortuné
21.3%
Millwall
Ricardo Fuller
20%
Nottingham Forest
Jamie Paterson
20%
Sheffield Wednesday
Chris Maguire
20%
Watford
Adlène Guedioura
20%
Wigan
James McArthur
20%
Wigan
Harry Maguire
20%
Wolverhampton Wanderers
Danny Batth
20%
Millwall
Danny Shittu
18.7%
Millwall
Martyn Woolford
18.7%
Nottingham Forest
Ben Osborn
18.7%
Sheffield Wednesday
Will Keane
18.7%
Watford
Keith Andrews
18.7%
Millwall
Diego Fabbrini
17.3%
Millwall
Nadjim Abdou
17.3%
Nottingham Forest
Tyler Walker
17.3%
Reading
Oliver Norwood
17.3%
Reading
Jamie Mackie
17.3%
Club
Player
% Correct
Rotherham
Ben Pringle
17.3%
Watford
Dániel Tőzsér
17.3%
Watford
Lloyd Dyer
17.3%
Wigan
Adam Forshaw
17.3%
Wolverhampton Wanderers
Lee Evans
17.3%
Wolverhampton Wanderers
Rajiv van La Parra
17.3%
Wolverhampton Wanderers
Danny Graham
17.3%
Ipswich
Jonathan Parr
16%
Ipswich
Luke Varney
16%
Ipswich
Conor Sammon
16%
Millwall
Alan Dunne
16%
Norwich
Graham Dorrans
16%
Nottingham Forest
Danny Collins
16%
Reading
Michael Hector
16%
Rotherham
Conor Sammon
16%
Wigan
Roger Espinoza
16%
Nottingham Forest
Robert Tesche
14.7%
Nottingham Forest
Jamaal Lascelles
14.7%
Rotherham
Lee Frecklington
14.7%
Rotherham
Jonson Clarke-Harris
14.7%
Rotherham
Ryan Hall
14.7%
Wolverhampton Wanderers
Jack Price
14.7%
Middlesbrough
Yanic Wildschut
13.3%
Millwall
Aiden O'Brien
13.3%
Norwich
Kyle Lafferty
13.3%
Reading
Nathaniel Chalobah
13.3%
Rotherham
Kári Árnason
13.3%
Rotherham
Jordan Bowery
13.3%
Millwall
Ed Upson
12%
Norwich
Jamar Loza
12%
Rotherham
Richard Smallwood
12%
Sheffield Wednesday
Royston Drenthe
12%
Sheffield Wednesday
Giles Coke
12%
Wigan
Oriol Riera
12%
Wigan
Chris McCann
12%
Leeds
Giuseppe Bellusci
10.7%
Millwall
Stefan Maierhofer
10.7%
Nottingham Forest
Todd Kane
10.7%
Rotherham
Alex Revell
10.7%
Sheffield Wednesday
Claude Dielna
10.7%
Sheffield Wednesday
Caolan Lavery
10.7%
Watford
Matthew Connolly
10.7%
Watford
Gianni Munari
10.7%
Wigan
Jermaine Pennant
10.7%
Wolverhampton Wanderers
Ethan Ebanks-Landell
10.7%
Rotherham
Emmanuel Ledesma
9.3%
Wigan
Kim Bo-Kyung
9.3%
Leeds
Stephen Warnock
8%
Millwall
Mark Beevers
8%
Millwall
Magaye Gueye
8%
Millwall
Jermaine Easter
8%
Sheffield Wednesday
Jérémy Hélan
8%
Sheffield Wednesday
Sergiu Buș
8%
Wigan
Tim Chow
8%
Ipswich
Richard Chaplow
6.7%
Millwall
Jos Hooiveld
6.7%
Reading
Shaun Cummings
6.7%
Rotherham
Tom Lawrence
6.7%
Millwall
Jamie Philpot
5.3%
Reading
Kwesi Appiah
5.3%
Rotherham
Anthony Wordsworth
4%
Quiz Playlist
Details
Report
Send in Message
Add To Playlist
Classic:
Type in answers that appear in a list
Last Updated: Feb 16, 2017
Quiz Scoreboard
CHALLENGE
Sign Up to Join the Scoreboard
Show All
Scores
Hide
Comments
May contain spoilers
Recently Published
Holiday 10x10 Sorting Gallery
by lukepisani3
Holiday
15m
Two Season TV Shows II
by 123Four
Television
10m
Image Sorting: Flags VI
by Barbecue
Geography
2m
More to Explore
Quiz From the Vault
Featured Blog Post
14 Easter Pick-up Lines to Find Eggs With
hide this ad
You Might Also Like...
Tags
Football Quiz
Soccer Quiz
Championship Football
England
English Football
English Soccer
Football League
Today's Top Quizzes in Sports
Browse Sports
hide this ad
Today's Top Quizzes in Soccer
Browse Soccer
Top Contributed Quizzes in Sports
1
Les meilleurs buteurs des matchs entre le PSG et l’OM
2
Les entraîneurs de l'OM et du PSG au 21e siècle
3
2022 World Cup Stars
4
Les joueurs passés par le PSG et l'OM
5
Players with Multiple 50 Home Run Seasons
6
FIFA Club World Cup Champions
7
Top 10 NHL Goal Scorers of All Time
8
Les joueurs passés par le LOSC et le RC Lens
9
Criteria MLB: Left Handed Sluggers
10
2023 MLB Unique Player Accomplishments
Explore More
Trending Topics
Kpop
Anime
Harry Potter
Marvel
Disney
Crossword
NBA
Song
WWE
NFL
Country
Soccer
The Office
Puzzle
Pokémon
hide this ad
More By:
Dan1996
Quiz
Plays
Rating
Category
Featured
Created
Bundesliga 2020-21 all Goal Scorers
2,489
4.50
Sports
Jun 15, 2021
100 Largest Cities in the European Union
2,171
4.08
Geography
Jun 9, 2014
UEFA Europa League Runners Up starting xis
1,776
5.00
Sports
Dec 10, 2014
Rangers FC first team squad
1,151
5.00
Sports
Oct 10, 2019
Premier League 2020-21 all Goal Scorers
1,052
5.00
Sports
May 27, 2021
Go to Creator's Profile
Score Distribution
Quiz Creator Spotlight
Dan1996
Follow
Send a Message
Quizzes Created
-
Created Quiz Play Count
-
More By This Creator
Popular Quizzes Today
1
Find the US States - No Outlines Minefield
2
Colored Red Africa Blitz
3
Find the 'City' Movie
4
The Countries of the World
5
5x2 Blitz: Bands
6
Find the US States
7
Find the Countries of Europe - No Outlines Minefield
8
US States
More Sports Quizzes
Which Toronto Sports Team?
Quiz Lab
Trending Quizzes
Colored Red Europe Blitz I
Colored Red Europe Blitz II
Colored Red Africa Blitz II
Colored Red Europe Blitz III
Colored Red Africa Blitz III
Recently Updated
Odd Team Out - Big 4 Players
pecheneg
Quick Pick: 20 Twenties
pecheneg
March Madness Men's Triple Doubles
pecheneg
How Do You Spell That?
pecheneg
Godzilla Movies
pecheneg
Grab Bag: 4-10 Letters
pecheneg
2024 March Madness Bracket
pecheneg
Famous TV Couples
Peacemaker
Champions League XIs: Real Madrid
pecheneg
Largest US Cities 1790-2010
pecheneg
Trending Topics
Harry Potter
Anime
Kpop
Crossword
NBA
Disney
Marvel
NFL
Pokémon
Soccer
Puzzle
Country
The Office
WWE
Song
Your Account Isn't Verified!
In order to create a playlist on Sporcle, you need to verify the email address you used during registration. Go to your
Sporcle Settings
to finish the process.
Report this User
Report this user for behavior that violates our
Community Guidelines
.
Details:
Send Report
Go to the Sporcle.com Mobile Site →
Comments